000 01066na a2200337 4500
001 16617
003 MIRAKIL
005 20181213155225.0
008 161012b tu 000 0
020 _a9753330286
035 _a16617
040 _aMilas
_btur
_cTR-AnCHP
041 _atur
082 _a956.211
_bG62i 1990
090 _a956.211 G62i 1990
100 _aGoffman, Daniel
245 _aİzmir ve Levanten dünya
_b1550-1650
_cDaniel Goffman ; çevirenler Ayşen Anadol, Neyyir Kalaycıoğlu
260 _aİstanbul
_bTarih Vakfı Yurt Yayınları
_c1995
300 _a180 s.
_bhrt, ; tbl.
_c21 sm.
440 _aTürkiye Araştırmaları
_v18
504 _aKaynakça (147-161) var.
504 _aDizin (172-180) var.
650 _aAzınlıklar
_xTarih
_zİzmir
651 _aİzmir
_xUluslararası ticaret
_y17. yüzyıl
651 _aİzmir
_xEkonomik durum
_y17. yüzyıl
651 _aİzmir
_xEtnik ilişkiler
_y17. yüzyıl
651 _aİzmir
_xTarih
700 _aAnadol, Ayşen
700 _aKalaycıoğlu, Neyyir
942 _2ddc
_cBKS
999 _c8809
_d8809